|
|
|
|
| LEADER |
00000cam a2200000 a 4500 |
| 001 |
87829 |
| 003 |
Ucuenca |
| 005 |
20230308163400.0 |
| 008 |
995030|1992 ||||||||r|||||||||||spa|| |
| 040 |
|
|
|b spa
|
| 041 |
0 |
|
|a spa
|
| 082 |
0 |
|
|a 330.1
|
| 100 |
1 |
|
|a Figueroa, Adolfo
|9 40044
|
| 245 |
|
|
|a Teorías económicas del capitalismo
|c Adolfo Figueroa
|h imp
|
| 264 |
|
|
|a Lima
|b Pontificia Universidad Católica del Perú
|c 1992
|
| 300 |
|
|
|a 245 páginas:
|c 22.5 cm
|
| 504 |
|
|
|a incl. ref.
|
| 650 |
1 |
0 |
|a Teoría económica
|9 11991
|
| 650 |
1 |
|
|a Capitalismo
|9 261
|
| 852 |
|
|
|a UC-CDJBV
|f Compra
|l 1
|m General
|p 19950302
|q 32000.00
|r 2
|t 87829
|b 0
|d CDRC
|e CDRC
|g 330.1 PRIMER PISO
|z 1995-50-30
|
| 942 |
|
|
|c CR
|
| 999 |
|
|
|c 21410
|d 21410
|